|
|
|
|
| LEADER |
00000cam a2200000 7i4500 |
| 001 |
0000158308 |
| 005 |
20260225.0 |
| 008 |
260225s2025 my a j may |
| 020 |
|
|
|a 9789670072418
|
| 040 |
|
|
|a PERPUSTAM
|b eng
|c PERPUSTAM
|e rda
|
| 041 |
|
|
|a may
|
| 090 |
0 |
0 |
|a 610
|b ZAR
|
| 100 |
0 |
|
|a Zarinah Ismail ,
|e author
|
| 245 |
1 |
0 |
|a UBAT DAN KEPENTINGANNYA
|c ZARINAH ISMAIL; Editor: Mariah Ahmad
|
| 264 |
|
1 |
|a Seremban, Negeri Sembilan :
|b Pustaka Cahaya Ilmu
|c 2025
|
| 300 |
|
|
|a 30 pages :
|b colour illustrations ;
|c 21 cm.
|
| 336 |
|
|
|a text
|2 rdacontent
|
| 337 |
|
|
|a unmediated
|2 rdamedia
|
| 338 |
|
|
|a volume
|2 rdacarrier
|
| 490 |
1 |
|
|a SIRI INFO MEDIK
|
| 650 |
0 |
0 |
|a Alternative medicine
|v Juvenile literature
|
| 650 |
0 |
0 |
|a Medicine
|v Juvenile literature
|
| 650 |
0 |
0 |
|a Traditional medicine
|v Juvenile literature
|
| 700 |
0 |
|
|a Mariah Ahmad ,
|e editor
|
| 830 |
|
0 |
|a Siri info medik
|
| 999 |
|
|
|a 0000861689
|b Buku
|c Koleksi Pinjaman Kanak-Kanak
|e Perbadanan Perpustakaan Awam Melaka
|
| 999 |
|
|
|a 0000861690
|b Buku
|c Koleksi Pinjaman Kanak-Kanak
|e Perpustakaan Cawangan Alor Gajah
|
| 999 |
|
|
|a 0000861691
|b Buku
|c Koleksi Pinjaman Kanak-Kanak
|e Perpustakaan Cawangan Jasin
|
| 999 |
|
|
|a 0000861692
|b Buku
|c Koleksi Pinjaman Kanak-Kanak
|e Perpustakaan Cawangan Masjid Tanah
|
| 999 |
|
|
|a 0000861693
|b Buku
|c Koleksi Pinjaman Kanak-Kanak
|e Perpustakaan Cawangan Merlimau
|
| 999 |
|
|
|a 0000861694
|b Buku
|c Koleksi Pinjaman Kanak-Kanak
|e P Pekan Telok Mas
|
| 999 |
|
|
|a 0000861695
|b Buku
|c Koleksi Pinjaman Kanak-Kanak
|e PD Pekan Selandar
|
| 999 |
|
|
|a 0000861696
|b Buku
|c Koleksi Pinjaman Kanak-Kanak
|e PK Aeon Jaya Jusco
|
| 999 |
|
|
|a 0000861697
|b Buku
|c Koleksi Pinjaman Kanak-Kanak
|e PD Tmn Kesang Jaya
|
| 999 |
|
|
|a 0000861698
|b Buku
|c Koleksi Pinjaman Kanak-Kanak
|e PD Japerun Serkam
|
| 999 |
|
|
|a 0000861699
|b Buku
|c Koleksi Pinjaman Kanak-Kanak
|e PD Durian Tunggal
|
| 999 |
|
|
|a 0000861700
|b Buku
|c Koleksi Pinjaman Kanak-Kanak
|e Perpustakaan Desa Asahan
|
| 999 |
|
|
|a 0000861701
|b Buku
|c Koleksi Pinjaman Kanak-Kanak
|e PD Bertam Hulu
|
| 999 |
|
|
|a 0000861702
|b Buku
|c Koleksi Pinjaman Kanak-Kanak
|e PD Felda Kemendor
|
| 999 |
|
|
|a 0000861703
|b Buku
|c Koleksi Pinjaman Kanak-Kanak
|e PD Klebang
|
| 999 |
|
|
|a 0000861704
|b Buku
|c Koleksi Pinjaman Kanak-Kanak
|e PD Felda Bkt Bulat
|
| 999 |
|
|
|a 0000861705
|b Buku
|c Koleksi Pinjaman Kanak-Kanak
|e PD Chin Chin
|
| 999 |
|
|
|a 0000861706
|b Buku
|c Koleksi Pinjaman Kanak-Kanak
|e PD Sg.Rambai
|
| 999 |
|
|
|a 0000861707
|b Buku
|c Koleksi Pinjaman Kanak-Kanak
|e PD Menggong
|
| 999 |
|
|
|a 0000861708
|b Buku
|c Koleksi Pinjaman Kanak-Kanak
|e PD Bkt Senggeh
|